| 000 | 00996nam a22002417a 4500 | ||
|---|---|---|---|
| 999 |
_c2264 _d2264 |
||
| 003 | AR-CdUCM | ||
| 008 | 190304b ||||| |||| 00| 0 spa d | ||
| 040 |
_aMUNICIPALIDAD PROVINCIAL DEL CUSCO _cBIBLIOTECA MUNICIPAL DEL CUSCO |
||
| 041 | _heng | ||
| 082 |
_23ed. _a925 / _bD96 |
||
| 100 |
_aDubos, René J. _98173 |
||
| 245 |
_aCientifico Escritores y Artistas / _bLuis Pasteur Francotirador de la Ciencia / |
||
| 260 |
_aMéxico D. F. : _bGrijalbo, _c1959. |
||
| 300 |
_a350 páginas ; _bilustraciones, _c22 cm. |
||
| 440 |
_aBiografías Gandesa. _94521 |
||
| 505 | _aContenido: El siglo maravilloso -- La leyenda de Pasteur -- Pasteur en acción -- Desde los cristales a la vida -- La domesticación de la vida microbiana -- La unidad bioquímica de la vida -- Las enfermedades de los gusanos de seda ... | ||
| 650 |
_aBiografía _944072 |
||
| 650 |
_aFrancia _91444 |
||
| 650 |
_aCiencias _98174 |
||
| 700 |
_aGuerra, Francisco (Traducción) _98175 |
||
| 942 |
_2ddc _cLIBROS |
||
| 945 | _aachl | ||